موسوعة القواعد الفقهية / (Record no. 5137)

MARC details
000 -LEADER
fixed length control field 00554nam a22001817a 4500
005 - DATE AND TIME OF LATEST TRANSACTION
control field 20251108164147.0
008 - FIXED-LENGTH DATA ELEMENTS--GENERAL INFORMATION
fixed length control field 250721s2000 xx 000 0 ara d
082 14 - DEWEY DECIMAL CLASSIFICATION NUMBER
Classification number م/216.03/بور
100 1# - MAIN ENTRY--PERSONAL NAME
Personal name البوربؤ، محمد صديقي
245 10 - TITLE STATEMENT
Title موسوعة القواعد الفقهية /
264 1# - PRODUCTION, PUBLICATION, DISTRIBUTION, MANUFACTURE, AND COPYRIGHT NOTICE
Place of production, publication, distribution, manufacture الرياض :
Name of producer, publisher, distributor, manufacturer دار ابن حزم،
Date of production, publication, distribution, manufacture, or copyright notice 2000.
300 ## - PHYSICAL DESCRIPTION
Extent ج1-6
650 17 - SUBJECT ADDED ENTRY--TOPICAL TERM
Topical term or geographic name as entry element الفقه الإسلامي
650 17 - SUBJECT ADDED ENTRY--TOPICAL TERM
Topical term or geographic name as entry element الفقهاء المسلون
650 17 - SUBJECT ADDED ENTRY--TOPICAL TERM
Topical term or geographic name as entry element الشريعة الإسلامية
942 ## - ADDED ENTRY ELEMENTS (KOHA)
Source of classification or shelving scheme Dewey Decimal Classification
Koha item type References
Holdings
حالة السحب حالة الفقدان مصدر التصنيف حالة التلف غير قابل للإعارة المكتبة الرئيسية المكتبة الحالية موقع الرف تاريخ التزويد الرقم المتسلسل Total Checkouts رقم الإستدعاء الباركود تاريخ آخر ظهور تاريخ الفاتورة نوع المادة (كوها)
    Dewey Decimal Classification   Not For Loan المكتبة المركزية المكتبة المركزية مراجع 06/07/2004 471705   م/216.03/بور 471705 28/07/2025 06/07/2004 References
    Dewey Decimal Classification   Not For Loan المكتبة المركزية المكتبة المركزية مراجع 06/07/2004 471706   م/216.03/بور 471706 28/07/2025 06/07/2004 References
    Dewey Decimal Classification   Not For Loan المكتبة المركزية المكتبة المركزية مراجع 06/07/2004 471708   م/216.03/بور 471708 28/07/2025 06/07/2004 References
    Dewey Decimal Classification   Not For Loan المكتبة المركزية المكتبة المركزية مراجع 06/07/2004 471709   م/216.03/بور 471709 28/07/2025 06/07/2004 References
    Dewey Decimal Classification   Not For Loan المكتبة المركزية المكتبة المركزية مراجع 06/07/2004 471707   م/216.03/بور 471707 28/07/2025 06/07/2004 References
    Dewey Decimal Classification   Not For Loan المكتبة المركزية المكتبة المركزية مراجع 06/07/2004 471710   م/216.03/بور 471710 28/07/2025 06/07/2004 References
Implemented & Customized by: BBB with SCIT (Smart Chains for Information Technology)

Powered by Koha